The Real Meaning Of The Zodiac/ (Record no. 236)

MARC details
000 -LEADER
fixed length control field 00448nam a22001697a 4500
003 - CONTROL NUMBER IDENTIFIER
control field GBCCL
005 - DATE AND TIME OF LATEST TRANSACTION
control field 20241126110333.0
008 - FIXED-LENGTH DATA ELEMENTS--GENERAL INFORMATION
fixed length control field 161011b xxu||||| |||| 00| 0 eng d
040 ## - CATALOGING SOURCE
Transcribing agency GBC
082 ## - DEWEY DECIMAL CLASSIFICATION NUMBER
Classification number 133.52
Item number KEN
100 1# - MAIN ENTRY--PERSONAL NAME
Personal name Kennedy, D. James
9 (RLIN) 105
245 ## - TITLE STATEMENT
Title The Real Meaning Of The Zodiac/
Statement of responsibility, etc. D. James Kennedy
260 ## - PUBLICATION, DISTRIBUTION, ETC.
Place of publication, distribution, etc. Florida:
Name of publisher, distributor, etc. Coral Ridge Ministries,
Date of publication, distribution, etc. c1996
300 ## - PHYSICAL DESCRIPTION
Extent 155p.
Dimensions 23cm.
650 #0 - SUBJECT ADDED ENTRY--TOPICAL TERM
Topical term or geographic name entry element Astronomy
9 (RLIN) 106
942 ## - ADDED ENTRY ELEMENTS (KOHA)
Source of classification or shelving scheme Dewey Decimal Classification
Koha item type Books
Koha issues (borrowed), all copies 1
Holdings
Withdrawn status Lost status Source of classification or shelving scheme Damaged status Not for loan Home library Current Library Shelving location Date acquired Total checkouts Full call number Barcode Date last seen Copy number Price effective from Koha item type Date last checked out
    Dewey Decimal Classification     GRACE BIBLE COLLEGE GRACE BIBLE COLLEGE Philosophy and Religion 2016-10-11   133.52 KEN 004845 2025-05-01 c.1 2016-10-11 Books  
    Dewey Decimal Classification     GRACE BIBLE COLLEGE GRACE BIBLE COLLEGE Philosophy and Religion 2017-03-13 1 133.52 KEN 009447 2025-05-01 c.2 2017-03-13 Books 2020-02-27
© Grace Bible College Library 2025